000 00826nas a2200277 i 4500
001 742
003 ES-MaACL
005 20250325104523.0
007 t|
008 950801d19501985fr | | 1 ||re d
022 _a0538-5482
245 0 0 _aCourrier /
_cCentre International de l'Enfance.
260 _aParis :
_bCentre International de l'Enfance,
_c1950-1985.
300 _a3 v. ;
_c27 cm.
310 _aMensual
362 0 _aV. I (1950)-(1985)
510 _aCCPBAM,
_c976
650 1 4 _aAsistencia social. Seguros.
_910379
655 7 _2tgfbne
_9226866
_aRevistas
700 1 _aVoguet, R.,
_9227510
710 2 _aCentre International de l'Enfance (
_cParĂ­s)
_9227511
852 _aES-MaACL
_jHEM-H-290
_9764
_cHEM
_dOlim: Hem-1460
866 0 _o1951-66.
942 _2udc
_cPERIODICA
999 _c742
_d742